000 00875nam a2200241Ia 4500
003 OSt
005 20220923224242.0
006 a|||||r|||| 00| 0
007 ta
008 220922b |||||||| |||| 00| 0 hin d
024 _a230,075
037 _cTextual
040 _aARTS
_cARTS
_bhin
041 _2hin
_ahin
082 _aO152,3N251(Y15ot6):g, P6-;1
100 _aसरोज प्रकाश
_9156291
245 0 _aस्त्री पुरूष संबंधों के आईने में मोहन राकेश
246 _aStrī purūṣh sanbandhoan ke āīne mean mohan rākesha
260 _aदिल्ली
_b स्वराज प्रकाशन
_c2006
300 _a141पृ.
_ccm.
942 _hO152,3N251(Y15ot6):g, P6-;1
_cTEXL
_2CC
999 _c370219
_d370219